| 000 | 00776cam a2200253 a 4500 | ||
|---|---|---|---|
| 005 | 20260322212044.0 | ||
| 008 | data | ||
| 010 | _a 2011030969 | ||
| 020 | _a9781454701996 (pbtrade pbk. : alk. paper) | ||
| 020 | _a1454701994 | ||
| 040 |
_aDLC _cDLC _dDLC |
||
| 042 | _apcc | ||
| 050 | 0 | 0 |
_aTT910 _b.P59 2012 |
| 082 | 0 | 0 |
_a702.81/2 _223 |
| 092 | _a702.81 P59 2012 | ||
| 100 | 1 | _aPlowman, Randel. | |
| 245 | 1 | 4 |
_aThe collage workbook : _bhow to get started & stay inspired / _cRandel Plowman. |
| 250 | _a1st ed. | ||
| 260 |
_aNew York : _bLark Crafts, An Imprint of Sterling Pub. Co., _cc2012. |
||
| 300 |
_a132 p. : _bill. (mostly col.) ; _c23 cm. |
||
| 504 | _aIncludes bibliographical references (p. 130) and index index. | ||
| 650 | 0 |
_aCollage _xTechnique. |
|
| 001 | data | ||
| 999 |
_c1039 _d1039 |
||